[Event "SV Wattenscheid 1 - SG Porz 2"]
[Site "Oberliga NRW 2015/2016"]
[Date "2016.05.08"]
[Round "9.2"]
[White "Hopman, Pieter"]
[Black "Korotkjevich, Stanislav"]
[Result "0-1"]
[WhiteElo "2315"]
[BlackElo "2354"]
[PlyCount "78"]
[EventDate "2016.??.??"]
[WhiteTeam "SV Wattenscheid 1"]
[BlackTeam "SG Porz 2"]

1. d4 g6 2. c4 Bg7 3. e4 d6 4. Nc3 Nd7 5. Bg5 h6 6. Be3 e5 7. Nge2 Ne7 8. Qd2
f5 9. f3 fxe4 10. fxe4 exd4 11. Nxd4 Ne5 12. Be2 N7c6 13. O-O Nxd4 14. Bxd4 Be6
15. Nd5 c6 16. Nf4 Bf7 17. Rad1 O-O 18. b3 Qe7 19. Kh1 b6 20. Bf3 Rad8 21. Ne2
Kh7 22. Bb2 Bxc4 23. bxc4 Nxc4 24. Bxg7 Nxd2 25. Bxf8 Rxf8 26. Rxd2 Kg7 27. Rc1
c5 28. Rcd1 Rf6 29. Nc3 Qe5 30. Nb5 c4 31. a4 a6 32. Rd5 Qb2 33. Nxd6 Rxf3 34.
gxf3 Qe2 35. Ra1 Qxf3+ 36. Kg1 Qe3+ 37. Kg2 Qe2+ 38. Kg3 c3 39. Kf4 Qf2+ 0-1

[Event "SV Wattenscheid 1 - SG Porz 2"]
[Site "Oberliga NRW 2015/2016"]
[Date "2016.05.08"]
[Round "9.3"]
[White "Peschlow, Patrick"]
[Black "Peelen, Piet"]
[Result "1/2-1/2"]
[WhiteElo "2316"]
[BlackElo "2331"]
[PlyCount "43"]
[EventDate "2016.??.??"]
[WhiteTeam "SG Porz 2"]
[BlackTeam "SV Wattenscheid 1"]

1. e4 c6 2. d4 d5 3. Nd2 dxe4 4. Nxe4 Bf5 5. Ng3 Bg6 6. h4 h6 7. Nf3 e6 8. Ne5
Bh7 9. Bd3 Bxd3 10. Qxd3 Nd7 11. f4 Bb4+ 12. c3 Bd6 13. Bd2 Ngf6 14. O-O-O O-O
15. Qf3 Qc7 16. Ne2 c5 17. Nxd7 Qxd7 18. Be3 Qc7 19. f5 exf5 20. Qxf5 Rfe8 21.
dxc5 Bxc5 22. Bxc5 1/2-1/2

[Event "SV Wattenscheid 1 - SG Porz 2"]
[Site "Oberliga NRW 2015/2016"]
[Date "2016.05.08"]
[Round "9.4"]
[White "De Rover, Yong Hoon"]
[Black "Pauly, Carlo"]
[Result "1/2-1/2"]
[WhiteElo "2335"]
[BlackElo "2190"]
[PlyCount "53"]
[EventDate "2016.??.??"]
[WhiteTeam "SV Wattenscheid 1"]
[BlackTeam "SG Porz 2"]

1. e4 c5 2. Nf3 d6 3. d4 cxd4 4. Nxd4 Nf6 5. Nc3 a6 6. Bg5 Nbd7 7. Qe2 e5 8.
Nf5 h6 9. Bh4 g6 10. Ne3 Be7 11. O-O-O b5 12. g4 Bb7 13. Bg2 Rc8 14. Bxf6 Nxf6
15. Qd3 b4 16. Ncd5 Bxd5 17. exd5 Qb6 18. Bf1 a5 19. Qb5+ Qxb5 20. Bxb5+ Kd8
21. f3 Nd7 22. h4 Rc5 23. Bd3 Nb6 24. Be4 Kd7 25. Kb1 Rg8 26. Rd3 Nc4 27. Nxc4
1/2-1/2

[Event "SV Wattenscheid 1 - SG Porz 2"]
[Site "Oberliga NRW 2015/2016"]
[Date "2016.05.08"]
[Round "9.5"]
[White "Gallinnis, Norbert"]
[Black "Hirsch, Stefan"]
[Result "1-0"]
[WhiteElo "2161"]
[BlackElo "2158"]
[PlyCount "43"]
[EventDate "2016.??.??"]
[WhiteTeam "SG Porz 2"]
[BlackTeam "SV Wattenscheid 1"]

1. e4 e5 2. Qe2 Nc6 3. Nf3 Bc5 4. c3 a6 5. g3 Nf6 6. Bg2 O-O 7. O-O Re8 8. d3
Ba7 9. Nh4 d6 10. Kh1 h6 11. Na3 Bg4 12. f3 Be6 13. Bd2 Qd7 14. f4 Bg4 15. Qe1
exf4 16. gxf4 d5 17. e5 d4 18. c4 Nh5 19. Rg1 Ne7 20. Qf2 c6 21. Bf3 f5 22. h3
1-0

[Event "SV Wattenscheid 1 - SG Porz 2"]
[Site "Oberliga NRW 2015/2016"]
[Date "2016.05.08"]
[Round "9.6"]
[White "Kaehmann, Joerg"]
[Black "Fieberg, Samuel"]
[Result "1/2-1/2"]
[WhiteElo "2186"]
[BlackElo "2159"]
[PlyCount "84"]
[EventDate "2016.??.??"]
[WhiteTeam "SV Wattenscheid 1"]
[BlackTeam "SG Porz 2"]

1. e4 c5 2. Nf3 Nc6 3. Nc3 d6 4. d4 cxd4 5. Nxd4 e5 6. Nde2 Be6 7. g3 Nf6 8.
Bg2 Be7 9. h3 a6 10. Be3 Na5 11. b3 Rc8 12. O-O O-O 13. Qd2 Qc7 14. Rac1 Rfd8
15. Na4 Nd7 16. c4 Nc5 17. Nec3 b6 18. Nd5 Bxd5 19. cxd5 b5 20. Nxc5 dxc5 21.
Rc2 c4 22. bxc4 Nxc4 23. Qd3 Qa5 24. Rfc1 Qa3 25. Qe2 Qa4 26. h4 Ba3 27. Rf1
Qxc2 28. Qxc2 Nxe3 29. Qb3 Nxf1 30. Qxa3 Nd2 31. Qxa6 Rb8 32. Qc6 Nc4 33. Bf1
Nd6 34. Bd3 Kf8 35. Qc3 f6 36. f4 Rdc8 37. Qb4 Ke7 38. fxe5 fxe5 39. Qb2 Kf6
40. Qf2+ Ke7 41. Qb2 Kf6 42. Qf2+ Ke7 1/2-1/2

[Event "SV Wattenscheid 1 - SG Porz 2"]
[Site "Oberliga NRW 2015/2016"]
[Date "2016.05.08"]
[Round "9.7"]
[White "Wagenknecht, Uwe"]
[Black "Henrichs, Wenke"]
[Result "1-0"]
[WhiteElo "2188"]
[BlackElo "1954"]
[PlyCount "93"]
[EventDate "2016.??.??"]
[WhiteTeam "SG Porz 2"]
[BlackTeam "SV Wattenscheid 1"]

1. Nf3 Nf6 2. c4 g6 3. Nc3 Bg7 4. e4 d6 5. d4 O-O 6. Be2 Na6 7. O-O e5 8. Rb1
exd4 9. Nxd4 Nc5 10. f3 a5 11. Ndb5 Ne8 12. Be3 Ne6 13. Qd2 c6 14. Nd4 Qe7 15.
Rfe1 N8c7 16. Rbd1 Rd8 17. Nc2 Bf8 18. f4 Bd7 19. Bf3 Ng7 20. Bb6 Be6 21. Nd5
Bxd5 22. exd5 Qd7 23. dxc6 bxc6 24. Nd4 d5 25. Bxa5 Re8 26. b4 Rxe1+ 27. Rxe1
c5 28. Bxc7 Qxc7 29. Bxd5 Rd8 30. Nb5 Qb6 31. bxc5 Bxc5+ 32. Kh1 Nf5 33. Qe2
Ne3 34. Nc3 Qa5 35. Ne4 Nxd5 36. cxd5 Bf8 37. Nf6+ Kh8 38. h3 Bg7 39. Qe7 Bxf6
40. Qxf6+ Kg8 41. Re5 Rf8 42. d6 Qxa2 43. d7 Qd2 44. Re7 Qd5 45. Qe5 Qd1+ 46.
Kh2 Qd2 47. Qc7 1-0

[Event "SV Wattenscheid 1 - SG Porz 2"]
[Site "Oberliga NRW 2015/2016"]
[Date "2016.05.08"]
[Round "9.8"]
[White "Gohla, Ulf"]
[Black "Baltic, Fatih"]
[Result "1/2-1/2"]
[WhiteElo "2100"]
[BlackElo "2083"]
[PlyCount "84"]
[EventDate "2016.??.??"]
[WhiteTeam "SV Wattenscheid 1"]
[BlackTeam "SG Porz 2"]

1. d4 Nf6 2. c4 e6 3. Nc3 Bb4 4. e3 c5 5. Nge2 b6 6. g3 Bb7 7. d5 b5 8. Bg2
bxc4 9. O-O O-O 10. e4 d6 11. Bg5 Bxc3 12. Nxc3 h6 13. Bxf6 Qxf6 14. Nb5 exd5
15. exd5 Nd7 16. Rc1 Ne5 17. Be4 Nd3 18. Bxd3 cxd3 19. Qxd3 Ba6 20. b3 Rab8 21.
a4 Rb6 22. Rfe1 Bxb5 23. axb5 Rfb8 24. Re3 Rxb5 25. Rce1 g6 26. Rf3 Qg7 27. Qc4
Rb4 28. Qa6 R4b6 29. Qxa7 Rxb3 30. Rxb3 Rxb3 31. Qe7 Qf8 32. Qd7 Rb8 33. Re7
Rd8 34. Qc7 Kg7 35. Kg2 h5 36. h4 Kf6 37. Re3 Rc8 38. Qa5 Kg7 39. Qa1+ Kg8 40.
Qf6 Re8 41. Rxe8 Qxe8 42. Qxd6 Qe4+ 1/2-1/2

[Event "SK Münster 1 - Klub Kölner SF 1"]
[Site "Oberliga NRW 2015/2016"]
[Date "2016.05.08"]
[Round "9.1"]
[White "Strohhaeker, Raoul"]
[Black "Muschik, Benedikt"]
[Result "1/2-1/2"]
[WhiteElo "2389"]
[BlackElo "2271"]
[PlyCount "93"]
[EventDate "2016.??.??"]
[WhiteTeam "Klub Kölner SF 1"]
[BlackTeam "SK Münster 1"]

1. e4 g6 2. d4 Bg7 3. Nc3 d6 4. Bg5 a6 5. f4 c5 6. d5 b5 7. a3 Bb7 8. Nf3 Nd7
9. Qd2 Qc7 10. Bd3 Ngf6 11. O-O c4 12. Be2 Nc5 13. Qd4 O-O 14. Bxf6 exf6 15. f5
Qe7 16. Rfe1 Bh6 17. g3 gxf5 18. Bf1 Bc8 19. exf5 Qa7 20. Qg4+ Kh8 21. Kh1 Bd7
22. Qh4 Kg7 23. g4 Rae8 24. Qg3 Qb8 25. h4 Kh8 26. g5 Bg7 27. Bh3 a5 28. Qf4 b4
29. axb4 axb4 30. Ne4 Nxe4 31. Rxe4 Rxe4 32. Qxe4 Qb5 33. Rd1 Qc5 34. Qe7 Qf2
35. Bg2 Bxf5 36. Qxd6 fxg5 37. Rf1 Qxc2 38. Nd4 Qxb2 39. Nxf5 gxh4 40. Qf4 h3
41. Bxh3 Be5 42. Qf2 Qxf2 43. Rxf2 b3 44. Rf1 c3 45. Ne3 c2 46. Bf5 Rd8 47.
Nxc2 1/2-1/2

[Event "SK Münster 1 - Klub Kölner SF 1"]
[Site "Oberliga NRW 2015/2016"]
[Date "2016.05.08"]
[Round "9.2"]
[White "Webb, Laurence"]
[Black "Morawietz, Dieter"]
[Result "1/2-1/2"]
[WhiteElo "2248"]
[BlackElo "2396"]
[PlyCount "137"]
[EventDate "2016.??.??"]
[WhiteTeam "SK Münster 1"]
[BlackTeam "Klub Kölner SF 1"]

1. d4 Nf6 2. c4 e6 3. Nc3 Bb4 4. Bg5 c5 5. d5 d6 6. e3 exd5 7. cxd5 Nbd7 8. Bb5
O-O 9. Nge2 h6 10. Bh4 Ne5 11. a3 Ba5 12. O-O a6 13. Bd3 b5 14. Bc2 Re8 15. b3
Ra7 16. a4 bxa4 17. Rxa4 Bb4 18. Ne4 g5 19. Bg3 Nxe4 20. Bxe4 a5 21. Bb1 Qf6
22. Nc1 Ba6 23. Nd3 Bb5 24. Ra2 Bc3 25. Nxe5 Bxe5 26. Bd3 Bd7 27. Qe2 Bxg3 28.
hxg3 Rb8 29. Bc4 a4 30. Rfa1 Rb4 31. bxa4 Raxa4 32. Rxa4 Bxa4 33. Rc1 Kg7 34.
g4 Rb2 35. Qf3 Qe5 36. Bd3 Rd2 37. Be4 Bb3 38. g3 Qf6 39. Kg2 Qxf3+ 40. Bxf3
Bxd5 41. Bxd5 Rxd5 42. f4 Kf6 43. Kf3 Rd2 44. Rh1 c4 45. Rxh6+ Ke7 46. Rh8 d5
47. fxg5 c3 48. Rc8 c2 49. Kf4 Kd7 50. Rc3 Kd6 51. g6 f6 52. g5 Rf2+ 53. Kg4
f5+ 54. Kh3 Ke7 55. g7 Kf7 56. Rc7+ Kg8 57. g6 Re2 58. Kh4 Rxe3 59. Kg5 d4 60.
Rxc2 Rxg3+ 61. Kf6 Rc3 62. Rh2 Rc6+ 63. Kxf5 d3 64. Rh8+ Kxg7 65. Rh7+ Kg8 66.
Rd7 Rc1 67. Rxd3 Rf1+ 68. Kg5 Rg1+ 69. Kf5 1/2-1/2

[Event "SK Münster 1 - Klub Kölner SF 1"]
[Site "Oberliga NRW 2015/2016"]
[Date "2016.05.08"]
[Round "9.3"]
[White "Wacker, Peter"]
[Black "Wolter, Kai"]
[Result "1/2-1/2"]
[WhiteElo "2282"]
[BlackElo "2243"]
[PlyCount "59"]
[EventDate "2016.??.??"]
[WhiteTeam "Klub Kölner SF 1"]
[BlackTeam "SK Münster 1"]

1. e4 c5 2. Nf3 e6 3. d4 cxd4 4. Nxd4 Nc6 5. Nc3 Qc7 6. Be2 a6 7. O-O Nf6 8.
Be3 Be7 9. f4 d6 10. Qe1 O-O 11. Qg3 Bd7 12. Kh1 b5 13. a3 Nxd4 14. Bxd4 Bc6
15. Rae1 Qb7 16. Bd3 b4 17. axb4 Qxb4 18. Ne2 Qb7 19. Nc3 Qb4 20. Ne2 Qb7 21.
e5 Nh5 22. Qh3 g6 23. Ng3 Nxg3+ 24. Qxg3 dxe5 25. Bxe5 Rad8 26. h4 Bb5 27. h5
Bxd3 28. cxd3 Qd5 29. hxg6 fxg6 30. d4 1/2-1/2

[Event "SK Münster 1 - Klub Kölner SF 1"]
[Site "Oberliga NRW 2015/2016"]
[Date "2016.05.08"]
[Round "9.4"]
[White "Chilla, Jan Eric"]
[Black "Zuse, Peter"]
[Result "1-0"]
[WhiteElo "2201"]
[BlackElo "2165"]
[PlyCount "53"]
[EventDate "2016.??.??"]
[WhiteTeam "SK Münster 1"]
[BlackTeam "Klub Kölner SF 1"]

1. Nf3 Nf6 2. g3 b5 3. Bg2 Bb7 4. Na3 a6 5. c4 bxc4 6. Nxc4 c5 7. O-O e6 8. b3
Be7 9. Bb2 d6 10. d4 cxd4 11. Qxd4 O-O 12. Rac1 Nc6 13. Qd2 Rc8 14. Bxf6 gxf6
15. Rfd1 d5 16. Qh6 f5 17. Ne3 Bf6 18. Rxd5 Bg7 19. Rxd8 Bxh6 20. Rxc8 Rxc8 21.
Ne1 Ne5 22. Rxc8+ Bxc8 23. Nd3 Nxd3 24. exd3 f4 25. Nc4 fxg3 26. Nb6 gxh2+ 27.
Kxh2 1-0

[Event "SK Münster 1 - Klub Kölner SF 1"]
[Site "Oberliga NRW 2015/2016"]
[Date "2016.05.08"]
[Round "9.5"]
[White "Helbig, Mark"]
[Black "Bolwerk, Peter"]
[Result "1-0"]
[WhiteElo "2291"]
[BlackElo "2159"]
[PlyCount "113"]
[EventDate "2016.??.??"]
[WhiteTeam "Klub Kölner SF 1"]
[BlackTeam "SK Münster 1"]

1. d4 Nf6 2. c4 g6 3. Nf3 Bg7 4. g3 O-O 5. Bg2 d6 6. O-O c6 7. Nc3 Qa5 8. e4 e5
9. h3 Nbd7 10. Re1 exd4 11. Nxd4 Ne5 12. Bf1 Re8 13. Rb1 Be6 14. b4 Qb6 15.
Nxe6 Rxe6 16. Be3 Qc7 17. Rc1 Re7 18. f4 Ned7 19. Bf2 h5 20. Bg2 Bh6 21. Qf3
Rae8 22. c5 dxc5 23. e5 cxb4 24. Nb5 Qa5 25. Nd6 Nd5 26. Nxe8 Rxe8 27. Qd3 Nf8
28. Qb3 Ne6 29. h4 Bf8 30. Bxd5 cxd5 31. Red1 Rd8 32. Rc2 b6 33. Qf3 d4 34. f5
gxf5 35. Qxf5 Rd5 36. Re2 Bg7 37. Qxh5 d3 38. Red2 Nc5 39. Qg4 Qb5 40. Kh2 b3
41. Qc8+ Bf8 42. Bxc5 bxc5 43. e6 Re5 44. exf7+ Kg7 45. Qg4+ Kf6 46. axb3 Qxb3
47. Rxd3 Qe6 48. Qxe6+ Rxe6 49. Rd8 Kg7 50. R1d7 a6 51. Ra8 Rf6 52. Kg2 c4 53.
Rc7 c3 54. Rxc3 a5 55. Rxa5 Bb4 56. Rg5+ Kxf7 57. Rf3 1-0

[Event "SK Münster 1 - Klub Kölner SF 1"]
[Site "Oberliga NRW 2015/2016"]
[Date "2016.05.08"]
[Round "9.6"]
[White "Kamp, Christoph"]
[Black "Ludwig, Peter"]
[Result "1-0"]
[WhiteElo "2167"]
[BlackElo "2137"]
[PlyCount "81"]
[EventDate "2016.??.??"]
[WhiteTeam "SK Münster 1"]
[BlackTeam "Klub Kölner SF 1"]

1. c4 Nf6 2. Nc3 e5 3. Nf3 Nc6 4. a3 d6 5. d4 exd4 6. Nxd4 Ne5 7. e4 g6 8. Be2
Bg7 9. O-O O-O 10. f4 Nc6 11. Nc2 Re8 12. Bf3 Be6 13. Ne3 Na5 14. Qd3 Nb3 15.
Rb1 Nd7 16. Na4 Ndc5 17. Nxc5 Nxc5 18. Qc2 Bd7 19. b3 f5 20. exf5 Bd4 21. Kh1
Bxe3 22. Bd5+ Kg7 23. Bb2+ Kh6 24. Qc3 Qe7 25. Rbe1 Qf8 26. Rxe3 Rxe3 27. Qxe3
Bxf5 28. Rf3 g5 29. fxg5+ Kh5 30. g4+ Kxg4 31. Qf4+ Kh5 32. Qxf5 Qxf5 33. Rxf5
Kg4 34. Rf2 Re8 35. Rg2+ Kh3 36. Rg3+ Kh4 37. Bf6 Re1+ 38. Kg2 Re2+ 39. Kf3
Rxh2 40. g6+ Kh5 41. gxh7 1-0

[Event "SK Münster 1 - Klub Kölner SF 1"]
[Site "Oberliga NRW 2015/2016"]
[Date "2016.05.08"]
[Round "9.7"]
[White "Bonnmann, Reinhard"]
[Black "Molinaroli, Martin"]
[Result "1/2-1/2"]
[WhiteElo "2244"]
[BlackElo "2227"]
[PlyCount "77"]
[EventDate "2016.??.??"]
[WhiteTeam "Klub Kölner SF 1"]
[BlackTeam "SK Münster 1"]

1. d4 g6 2. c4 Bg7 3. e4 c5 4. d5 d6 5. Be2 Nf6 6. Nc3 O-O 7. Nf3 e6 8. O-O
exd5 9. exd5 Re8 10. h3 Bf5 11. g4 Ne4 12. Nxe4 Bxe4 13. Ng5 Bd4 14. Nxe4 Rxe4
15. Bd3 Re8 16. Kg2 Nd7 17. Rb1 Ne5 18. Be2 Qe7 19. Bd2 Nd7 20. Bd3 Ne5 21. Be2
g5 22. f4 gxf4 23. Bxf4 Ng6 24. Bd3 Nxf4+ 25. Rxf4 Qe3 26. Rf3 Qh6 27. Qc1 Qxc1
28. Rxc1 Re7 29. b3 Rae8 30. Rcf1 Re3 31. g5 Rxf3 32. Rxf3 Re3 33. h4 Rxf3 34.
Kxf3 Bg7 35. Kg4 h6 36. Kf5 hxg5 37. hxg5 Kf8 38. g6 Ke7 39. gxf7 1/2-1/2

[Event "SK Münster 1 - Klub Kölner SF 1"]
[Site "Oberliga NRW 2015/2016"]
[Date "2016.05.08"]
[Round "9.8"]
[White "Rott, Georg"]
[Black "Wisskirchen, Andreas"]
[Result "1/2-1/2"]
[WhiteElo "2098"]
[BlackElo "2176"]
[PlyCount "76"]
[EventDate "2016.??.??"]
[WhiteTeam "SK Münster 1"]
[BlackTeam "Klub Kölner SF 1"]

1. e4 c5 2. Nf3 d6 3. Bb5+ Bd7 4. Bxd7+ Qxd7 5. c4 Nc6 6. d4 cxd4 7. Nxd4 Nf6
8. Nc3 g6 9. b3 Bg7 10. Bb2 O-O 11. O-O Rac8 12. Nxc6 bxc6 13. Qe2 Qe6 14. Rfe1
Rfd8 15. Qf3 Nd7 16. h3 a5 17. Rad1 Rb8 18. Qe3 Nc5 19. Ba3 Qe5 20. Rc1 Qd4 21.
Bxc5 dxc5 22. Qe2 Qd3 23. Na4 Qxe2 24. Rxe2 Bd4 25. Kf1 e5 26. Rd1 Kf8 27. Red2
Ke7 28. Ke2 f5 29. f3 fxe4 30. fxe4 Rf8 31. Rf1 Rxf1 32. Kxf1 Rf8+ 33. Ke1 Rf4
34. Re2 h5 35. Kd2 Rf1 36. Re1 Rf2+ 37. Re2 Rf1 38. Re1 Rf2+ 1/2-1/2

[Event "Oberhausener SV 1 - SVG Plettenberg 1"]
[Site "Oberliga NRW 2015/2016"]
[Date "2016.05.08"]
[Round "9.1"]
[White "Haub, Thorsten Michael"]
[Black "Becker, Marcel"]
[Result "1/2-1/2"]
[WhiteElo "2331"]
[BlackElo "2311"]
[PlyCount "42"]
[EventDate "2016.??.??"]
[WhiteTeam "SVG Plettenberg 1"]
[BlackTeam "Oberhausener SV 1"]

1. g3 d5 2. Bg2 e5 3. d3 c6 4. Nf3 Bd6 5. e4 Nf6 6. Nbd2 O-O 7. h3 Re8 8. O-O
Na6 9. a3 Nc5 10. Nh4 a5 11. b3 dxe4 12. dxe4 b5 13. Re1 Bf8 14. Bb2 g6 15. Qe2
Qc7 16. Qe3 Ne6 17. Nhf3 Nd7 18. h4 Bc5 19. Qh6 Bf8 20. Qe3 Bc5 21. Qh6 Bf8
1/2-1/2

[Event "Oberhausener SV 1 - SVG Plettenberg 1"]
[Site "Oberliga NRW 2015/2016"]
[Date "2016.05.08"]
[Round "9.2"]
[White "Kaufeld, Jürgen"]
[Black "Schulze, Marc"]
[Result "1/2-1/2"]
[WhiteElo "2218"]
[BlackElo "2132"]
[PlyCount "54"]
[EventDate "2016.??.??"]
[WhiteTeam "Oberhausener SV 1"]
[BlackTeam "SVG Plettenberg 1"]

1. d4 Nf6 2. g4 Nxg4 3. e4 d5 4. Be2 Nf6 5. e5 Ng8 6. Nc3 Bf5 7. Be3 e6 8. Qd2
a6 9. Nf3 Ne7 10. O-O-O Nd7 11. Rhg1 h6 12. Kb1 b5 13. Bd3 Bxd3 14. Qxd3 c5 15.
dxc5 Qc7 16. a3 Nc6 17. Qe2 Ndxe5 18. Bf4 f6 19. Nxd5 exd5 20. Rxd5 Kf7 21.
Nxe5+ fxe5 22. Bxe5 Nxe5 23. Rxe5 Kg8 24. Qe3 Rc8 25. Rf5 Qc6 26. Qb3+ Kh7 27.
Qd3 Kg8 1/2-1/2

[Event "Oberhausener SV 1 - SVG Plettenberg 1"]
[Site "Oberliga NRW 2015/2016"]
[Date "2016.05.08"]
[Round "9.3"]
[White "Kuhnen, Thomas"]
[Black "Litwak, Aleksej"]
[Result "0-1"]
[WhiteElo "2057"]
[BlackElo "2282"]
[PlyCount "108"]
[EventDate "2016.??.??"]
[WhiteTeam "SVG Plettenberg 1"]
[BlackTeam "Oberhausener SV 1"]

1. e4 c5 2. Nc3 Nc6 3. f4 e6 4. Bc4 Nge7 5. d3 d5 6. Bb3 b5 7. a3 Bb7 8. Nf3
Na5 9. Qe2 Nxb3 10. cxb3 d4 11. Nd1 Nc6 12. O-O Be7 13. Nf2 O-O 14. e5 Na5 15.
Nd2 Qd5 16. Nfe4 Nxb3 17. Nxb3 Qxb3 18. f5 exf5 19. Ng3 g6 20. Rxf5 c4 21. Bh6
cxd3 22. Qf2 Rac8 23. Bxf8 Bxf8 24. Nh5 Rc2 25. Nf6+ Kh8 26. Qh4 h6 27. Rf2
Qxb2 28. Raf1 Rxf2 29. Rxf2 Qc1+ 30. Rf1 Qe3+ 31. Qf2 d2 32. Ng4 Qxf2+ 33. Kxf2
h5 34. Ke2 Bd5 35. Nf2 Bxg2 36. Rg1 Bd5 37. Kxd2 Bxa3 38. Ra1 Bb4+ 39. Kd3 a5
40. Kxd4 Bc4 41. Nd3 Bxd3 42. Kxd3 Kg7 43. Rc1 g5 44. Ke4 a4 45. Kd3 Bf8 46.
Rc8 g4 47. Rb8 b4 48. Kc4 b3 49. Kc3 Bc5 50. Rd8 Be3 51. Rd7 Kg6 52. Rd6+ Kg5
53. Rd5 Kh4 54. Ra5 Bf4 0-1

[Event "Oberhausener SV 1 - SVG Plettenberg 1"]
[Site "Oberliga NRW 2015/2016"]
[Date "2016.05.08"]
[Round "9.4"]
[White "Kummerow, Heiko"]
[Black "Klippert, Jan Oliver"]
[Result "1-0"]
[WhiteElo "2193"]
[BlackElo "1778"]
[PlyCount "63"]
[EventDate "2016.??.??"]
[WhiteTeam "Oberhausener SV 1"]
[BlackTeam "SVG Plettenberg 1"]

1. e4 Nf6 2. e5 Nd5 3. d4 d6 4. Nf3 g6 5. Bc4 Nb6 6. Bb3 Bg7 7. a4 a5 8. O-O
O-O 9. h3 Nc6 10. Qe2 d5 11. Na3 Be6 12. c3 Qd7 13. Bf4 Rae8 14. Rfe1 Nb8 15.
Nc2 Na6 16. Qb5 Ra8 17. Qxa5 Nb8 18. Qb5 Qc8 19. Qe2 Nc6 20. Ne3 Na5 21. Bc2
Nac4 22. b3 Nxe3 23. Qxe3 Nd7 24. Ng5 c5 25. Nxe6 fxe6 26. Bd1 Qe8 27. dxc5 Qf7
28. Bg3 h5 29. Ra2 Kh7 30. b4 Bh6 31. Qd3 Qf5 32. Qb5 1-0

[Event "Oberhausener SV 1 - SVG Plettenberg 1"]
[Site "Oberliga NRW 2015/2016"]
[Date "2016.05.08"]
[Round "9.5"]
[White "Wichmann, Frank"]
[Black "Söhnchen, Andreas"]
[Result "0-1"]
[WhiteElo "1811"]
[BlackElo "2136"]
[PlyCount "66"]
[EventDate "2016.??.??"]
[WhiteTeam "SVG Plettenberg 1"]
[BlackTeam "Oberhausener SV 1"]

1. d4 Nf6 2. Nf3 d5 3. Bf4 c5 4. c3 Qb6 5. Qb3 c4 6. Qxb6 axb6 7. Nbd2 Nc6 8.
e4 dxe4 9. Ng5 Nd5 10. Bg3 b5 11. h4 e3 12. Ndf3 Bf5 13. Be2 exf2+ 14. Kxf2 f6
15. Nh3 e5 16. Rhe1 e4 17. Bd1 Kd7 18. Nh2 Bxh3 19. gxh3 f5 20. Nf1 g6 21. Ne3
Nxe3 22. Kxe3 Ne7 23. Be5 Rg8 24. Be2 Nd5+ 25. Kf2 Be7 26. Kg3 Rgf8 27. h5 f4+
28. Kh2 f3 29. hxg6 hxg6 30. Bf1 e3 31. a3 Bh4 32. Bg3 Bxg3+ 33. Kxg3 e2 0-1

[Event "Oberhausener SV 1 - SVG Plettenberg 1"]
[Site "Oberliga NRW 2015/2016"]
[Date "2016.05.08"]
[Round "9.6"]
[White "Ciornei, Dragos"]
[Black "Krämer, Roland"]
[Result "1-0"]
[WhiteElo "2175"]
[BlackElo "1653"]
[PlyCount "93"]
[EventDate "2016.??.??"]
[WhiteTeam "Oberhausener SV 1"]
[BlackTeam "SVG Plettenberg 1"]

1. e4 c5 2. d4 cxd4 3. c3 d3 4. c4 d6 5. Bxd3 Nf6 6. h3 g6 7. Nc3 Bg7 8. Nf3
Nc6 9. O-O O-O 10. Be3 Bd7 11. Rc1 Rc8 12. Qd2 Re8 13. Rfd1 Na5 14. b3 b6 15.
Bh6 Nb7 16. Bxg7 Kxg7 17. b4 a5 18. a3 Ra8 19. Qb2 e5 20. Nd5 Nxd5 21. cxd5
axb4 22. axb4 Ra4 23. Bc2 Ra7 24. Ra1 Rxa1 25. Rxa1 Qc8 26. Nd2 f5 27. Bd3 b5
28. Ra7 f4 29. Qc2 Qb8 30. Qa2 Rc8 31. Qa6 Rc7 32. Qb6 Kh6 33. Kh2 g5 34. f3
Kg6 35. Nb3 g4 36. hxg4 Qd8 37. Rxb7 Qh4+ 38. Kg1 Qe1+ 39. Bf1 Rxb7 40. Qxb7
Qe3+ 41. Kh2 Qf2 42. Qxd7 Qxf1 43. Qxd6+ Kf7 44. Qe6+ Kf8 45. Nc5 Qe1 46. Nd7+
Kg7 47. Qf6+ 1-0

[Event "Oberhausener SV 1 - SVG Plettenberg 1"]
[Site "Oberliga NRW 2015/2016"]
[Date "2016.05.08"]
[Round "9.7"]
[White "Neumann, Bernd"]
[Black "Nissen, Claus"]
[Result "0-1"]
[WhiteElo "1717"]
[BlackElo "2090"]
[PlyCount "74"]
[EventDate "2016.??.??"]
[WhiteTeam "SVG Plettenberg 1"]
[BlackTeam "Oberhausener SV 1"]

1. c4 Nf6 2. g3 e5 3. Bg2 Nc6 4. Nc3 Bc5 5. d3 O-O 6. Nf3 Re8 7. O-O d6 8. a3
a5 9. Nd5 Nxd5 10. cxd5 Ne7 11. e4 f5 12. Bd2 a4 13. Qe2 Ng6 14. Bg5 Qd7 15.
Be3 b6 16. Bxc5 bxc5 17. Nd2 f4 18. Rab1 Rf8 19. b4 axb3 20. Rxb3 Qf7 21. f3
Qe7 22. Nc4 Qg5 23. g4 h5 24. h3 hxg4 25. hxg4 Nh4 26. Rf2 Bd7 27. Kf1 Bxg4 28.
fxg4 f3 29. Rxf3 Nxf3 30. Bxf3 Rxf3+ 31. Qxf3 Rf8 32. Rb8 Rxb8 33. Ke2 Rf8 34.
Qg2 Qc1 35. Qh3 Qg1 36. Kd2 Rf2+ 37. Kc3 Qc1+ 0-1

[Event "Oberhausener SV 1 - SVG Plettenberg 1"]
[Site "Oberliga NRW 2015/2016"]
[Date "2016.05.08"]
[Round "9.8"]
[White "Voge, Andreas"]
[Black "Arnoldi, Ekkehard"]
[Result "1-0"]
[WhiteElo "2099"]
[BlackElo "1267"]
[PlyCount "59"]
[EventDate "2016.??.??"]
[WhiteTeam "Oberhausener SV 1"]
[BlackTeam "SVG Plettenberg 1"]

1. e4 c5 2. Nf3 d6 3. d4 cxd4 4. Nxd4 e5 5. Bb5+ Bd7 6. Bxd7+ Nxd7 7. Nf5 Nc5
8. Nc3 Qa5 9. O-O O-O-O 10. Qe2 Nf6 11. Bg5 Qb4 12. Bxf6 gxf6 13. a3 Qxb2 14.
Nd5 Qxa1 15. Rxa1 Rd7 16. Nxf6 Rc7 17. Nd5 Rc6 18. Nfe7+ Bxe7 19. Nxe7+ Kc7 20.
Nxc6 bxc6 21. Qh5 Nxe4 22. Qxf7+ Kb6 23. Rb1+ Kc5 24. Qxa7+ Kd5 25. Qe3 Nc5 26.
Rd1+ Ke6 27. Qh6+ Kf5 28. f3 e4 29. g4+ Ke5 30. Qxd6# 1-0

[Event "PSV Duisburg 1 - LSV Turm Lippstadt 1"]
[Site "NRW-Klasse, Gruppe 1 2015/201"]
[Date "2016.05.08"]
[Round "9.1"]
[White "Wehmeier, Stefan"]
[Black "Maslak, Sulejman"]
[Result "1-0"]
[WhiteElo "2364"]
[BlackElo "2299"]
[Annotator "Hausrath,Daniel"]
[PlyCount "99"]
[EventDate "2016.??.??"]
[WhiteTeam "LSV Turm Lippstadt 1"]
[BlackTeam "PSV Duisburg 1"]

1. e4 e6 2. d4 d5 3. Nc3 Nf6 4. Bg5 Be7 5. e5 Nfd7 6. Bxe7 Qxe7 7. f4 a6 8. Nf3
c5 9. Qd2 b6 10. O-O-O Bb7 11. g4 Nc6 12. Kb1 O-O-O 13. Bg2 h5 14. h3 Kb8 15.
Ne2 Rc8 16. Rhe1 Na5 $11 17. b3 c4 18. f5 hxg4 19. hxg4 Ka7 20. Nf4 Nf8 21. Re3
Qd7 22. Bh3 Rc7 23. Qb4 cxb3 24. axb3 exf5 25. gxf5 Rxh3 26. Nxh3 Qxf5 27. Ne1
Ne6 28. Rf3 Qh5 29. Qd2 Bc8 30. Nf4 Nxf4 31. Rxf4 Nc6 32. Rc1 Nd8 33. Rf3 Bf5
34. Rc3 Rd7 35. Nd3 Ne6 36. Nb4 a5 37. Nc6+ Kb7 38. b4 Rc7 39. b5 Rd7 40. Kb2
Nc7 41. Rb3 Qg4 42. Ra1 Qe4 43. Rd3 Nxb5 44. Nxa5+ Kc8 45. Qb4 bxa5 46. Rxa5
Rc7 47. Ra8+ Kb7 48. Qxb5+ Kxa8 49. Ra3+ Ra7 50. Qc6+ 1-0

[Event "PSV Duisburg 1 - LSV Turm Lippstadt 1"]
[Site "NRW-Klasse, Gruppe 1 2015/201"]
[Date "2016.05.08"]
[Round "9.2"]
[White "Wengenroth, Walter"]
[Black "Wagner, Alexej"]
[Result "1-0"]
[WhiteElo "2225"]
[BlackElo "2220"]
[PlyCount "72"]
[EventDate "2016.??.??"]
[WhiteTeam "PSV Duisburg 1"]
[BlackTeam "LSV Turm Lippstadt 1"]

1. e4 c5 2. Nf3 d6 3. d4 cxd4 4. Nxd4 Nf6 5. Nc3 a6 6. f4 e5 7. Nf3 Nbd7 8. a4
Qc7 9. Bd3 Be7 10. O-O O-O 11. Kh1 Nc5 12. Qe1 Bg4 13. fxe5 dxe5 14. Qg3 Bxf3
15. Rxf3 Ne6 16. Nd5 Nxd5 17. exd5 e4 18. Qxc7 Nxc7 19. Bxe4 Bf6 20. Bf4 Rfe8
21. Bxh7+ Kxh7 22. Bxc7 Re2 23. c3 Rxb2 24. Rd1 Kg6 25. Rxf6+ Kxf6 26. d6 b5
27. axb5 axb5 28. d7 Rd2 29. d8=Q+ Rdxd8 30. Bxd8+ Ke5 31. Be7 Ke4 32. h3 f5
33. Rd4+ Ke5 34. Rb4 Ke6 35. Bc5 g5 36. Rxb5 g4 1-0